Nairobi youth survey: (Record no. 14831)
[ view plain ]
| 000 -LEADER | |
|---|---|
| fixed length control field | 00656nam a2200181Ia 4500 |
| 008 - FIXED-LENGTH DATA ELEMENTS--GENERAL INFORMATION | |
| fixed length control field | 081213s9999 xx 000 0 und d |
| 020 ## - INTERNATIONAL STANDARD BOOK NUMBER | |
| International Standard Book Number | 9966936009 |
| 050 ## - LIBRARY OF CONGRESS CALL NUMBER | |
| Classification number | BV4447 |
| Item number | .M38 1998 |
| 100 ## - MAIN ENTRY--PERSONAL NAME | |
| Personal name | Mbutu, Paul M. |
| 245 ## - TITLE STATEMENT | |
| Title | Nairobi youth survey: |
| Remainder of title | a summary report challenges to the churches |
| Statement of responsibility, etc | Paul M. Mbutu, P. Emil Chndran and Larry Niemeyer |
| 260 ## - PUBLICATION, DISTRIBUTION, ETC. (IMPRINT) | |
| Date of publication, distribution, etc | 1998 |
| Place of publication, distribution, etc | Nairobi |
| Name of publisher, distributor, etc | Daystar University |
| 300 ## - PHYSICAL DESCRIPTION | |
| Extent | vi, 56p.; |
| Dimensions | 23 cm. |
| 500 ## - GENERAL NOTE | |
| General note | based on the study "Nairobi youth survey" conducted by Daystar University |
| 650 ## - SUBJECT ADDED ENTRY--TOPICAL TERM | |
| Topical term or geographic name as entry element | YOUTH - RELIGIOUS ASPECTS- CHRISTIANITY |
| 700 ## - ADDED ENTRY--PERSONAL NAME | |
| Fuller form of name | Chandran, P. Emil |
| 700 ## - ADDED ENTRY--PERSONAL NAME | |
| Fuller form of name | Niemeyer, Larry |
| 942 ## - ADDED ENTRY ELEMENTS (KOHA) | |
| Item type | Book |
| Source of classification or shelving scheme | Library of Congress Classification |
| Withdrawn status | Lost status | Source of classification or shelving scheme | Damaged status | Not for loan | Collection code | Home library | Current library | Shelving location | Date acquired | Total Checkouts | Full call number | Barcode | Date last borrowed | Copy number | Price effective from | Koha item type | Source of acquisition |
|---|---|---|---|---|---|---|---|---|---|---|---|---|---|---|---|---|---|
| Library of Congress Classification | Non-fiction | Bishop Okullu Memorial Library (Limuru Campus) | Bishop Okullu Memorial Library (Limuru Campus) | General Circulation | 15/12/2008 | 8 | BV4447 .M38 1998 | 001282 | 02/11/2015 | 1 | 15/12/2008 | Book | |||||
| Library of Congress Classification | Non-fiction | Bishop Okullu Memorial Library (Limuru Campus) | Bishop Okullu Memorial Library (Limuru Campus) | Special Collection | 22/10/2010 | SPE BV4447 .M38 1998 | 022940 | 2 | 22/10/2010 | Book | Purchase |